000
00354cam a2200169ua 4500
001
8511
008
130730n ii |||gr||||Z||||||eng
040
_a
MAIN
041
_a
English
082
_b
BHA
100
_a
Bhatia,H.L.
245
_a
Public Finance
250
_a
13th.
260
_a
Delhi:
_b
Vikas Publishig House.
300
_a
650.
942
_c
BK
999
_c
8499
_d
8499